000 00787nam a22002177a 4500
999 _c18399
_d18399
003 OSt
005 20231027134323.0
008 231027b ||||| |||| 00| 0 eng d
040 _c0
082 _aDPer 510.5 Am351 October - December 2021 v143 no. 5-6
100 _aFilip, Simion.
_eauthor.
_949886
245 _aKummer rigidity for K3 surface automorphisms via Ricci-flat metrics /
_cSimion Filip and Valentino Tosatti
260 _aBaltimore, MaryLand U.S.,
_bJohns Hopkins University Press,
_cOctober 2021.
300 _avolume 143, pages 1431-1462.
650 _aMathematics.
_949887
650 _aMathematics analysis.
_949888
650 _aAlgebra.
_949889
700 _aFilip, Simion.
_eauthor.
_949886
700 _aTosatti, Valentino.
_eauthor.
_949890
942 _2ddc
_cPER